LEADER 01169nam a2200301 a 4500 001 000000129806 003 CaOOAMICUS 005 20120726090531.0 008 120726s2012 it od 000 u ita r 040 $aPUL$bita 082 04$a550 245 00$aPaul Krugman. 250 $aEd. speciale per il Sole 24 Ore. 260 $aMilano :$bIl Sole 24 ore,$c©2012. 300 $a265 p. :$bfotogr., grafici ;$c21 cm 490 1 $aI grandi della scienza ;$v20 500 $aSulla cop.: Economisti per caso. 500 $aSul dorso: Nobel economia 2008. 600 14$aKrugman, Paul Robin,$d1953-$0(OLS)http://pul/subject/38851 650 4$aEconomia$ySec. XX-XXI.$0(OLS)http://pul/subject/37435 830 2$aI grandi della scienza ;$v20.$0(OLS)http://pul/title/162261 850 $aPUL 852 $aPUL$W1$xDP2 Cons. Gen., Altre Classi 3$y97$m550 COLL 1.20$j150267$qDDC 21$B148835$CPULBib$Z2$F148835 $H120543 $82 941 1 $a9 996 $6082$a550$9(OLS)http://pul/classification/2237 996 $6245$aPaul Krugman$9(OLS)http://pul/title/164082 996 $6260$aMilano :$bIl Sole 24 ore$9(OLS)http://pul/publisher/69212 LEADER 01011nam a2200241 u 4500 001 000000028049 003 CaOOAMICUS 005 20070226111746.0 008 960415s1956 it abh u000 u ita u 035 $a10728597 040 $aBAV$bita 100 1 $aGabrieli, Francesco,$d1904-1996.$0(OLS)http://pul/name/9600 245 10$aAspetti della civiltà arabo-islamica /$cFrancesco Gabrieli. 260 $aTorino :$bERI,$c[1956] 300 $a207 p., XIX p. di tav. :$bill., c. geogr., facs. ;$c23 cm 490 1 $aLetterature e civiltà ;$v6 651 4$aOriente$xAntichità$xStoria.$0(OLS)http://pul/subject/11472 830 0$aLetterature e civiltà ;$v6.$0(OLS)http://pul/title/38326 850 $aPUL 852 $aPUL$W1$xDP1 Fondo Cecchetti$y53$m283 D 1$j39003$nBK-PRI$b $qFondi$B39003$CPULBib$Z2$F39003 $HPUL5674 $81 941 1 $a1 996 $6245$aAspetti della civiltà arabo-islamica$9(OLS)http://pul/title/38325 996 $6260$aTorino :$bERI$9(OLS)http://pul/publisher/49047